| 000 | 01244nam a2200337Ia 4500 | ||
|---|---|---|---|
| 001 | ebr10255117 | ||
| 003 | CaPaEBR | ||
| 006 | m u | ||
| 007 | cr cn||||||||| | ||
| 008 | 080919s2008 nyua s 000 0 eng d | ||
| 010 | _z 2008040987 | ||
| 020 | _z9781846681073 | ||
| 020 | _z9781576603260 (alk. paper) | ||
| 020 | _z1576603261 (alk. paper) | ||
| 040 |
_aCaPaEBR _cCaPaEBR |
||
| 035 | _a(OCoLC)605537774 | ||
| 050 | 1 | 4 |
_aCT120 _b.E26 2008eb |
| 245 | 0 | 4 |
_aThe Economist book of obituaries _h[electronic resource] / _c[compiled by] Keith Colquhoun and Ann Wroe. |
| 246 | 3 | 0 | _aBook of obituaries |
| 260 |
_aNew York : _bBloomberg Press, _cc2008. |
||
| 300 |
_a409 p. : _bill. |
||
| 533 |
_aElectronic reproduction. _bPalo Alto, Calif. : _cebrary, _d2009. _nAvailable via World Wide Web. _nAccess may be limited to ebrary affiliated libraries. |
||
| 650 | 0 |
_aBiography _y20th century. |
|
| 650 | 0 | _aObituaries. | |
| 655 | 7 |
_aElectronic books. _2local |
|
| 700 | 1 | _aColquhoun, Keith. | |
| 700 | 1 | _aWroe, Ann. | |
| 710 | 2 | _aebrary, Inc. | |
| 730 | 0 | _aEconomist (London, England : 1843) | |
| 856 | 4 | 0 |
_uhttp://site.ebrary.com/lib/rucke/Doc?id=10255117 _zAn electronic book accessible through the World Wide Web; click to view |
| 999 |
_c14798 _d14798 |
||